LDR 01212naa#a2200169#i#450# 001 RU\INFRA-M\bibl\123592 005 20260605184843.5 011 ## _a2500-3291 100 ## _a20260601b2026####ek#y0rusy0150####ca 102 ## _aRU 200 1# _aЭволюция моделей исследования жизненного цикла организации (мировой опыт): часть 3 _eЖурнальная статья 210 1# _aМосква _cОбщество с ограниченной ответственностью «Научно-издательский центр ИНФРА-М» _d2026 215 ## _a16 с. 608 ## _aЖурнальная статья _2local 675 ## _aВнешнеэкономические связи. Внешнеэкономическая политика. Международные экономические отношения. Мировое хозяйство. 339.9 _aЭкономическая политика. Управление и планирование в экономике. 338.2 _aИстория экономической мысли. Экономические теории, учения и школы. 330.8 _z 700 #1 _aТебекин _gА. В. 856 4# _anaukaru.ru _u